000 00907nam a2200289Ia 4500
003 OSt
005 20221005092326.0
006 a|||||r|||| 00| 0
007 ta
008 221004b |||||||| |||| 00| 0 eng d
020 _a9781138960503 (pbk)
_cUKP 65.00
024 _a34396
037 _b3166, 13/09/2017, Govinda Book House
_cTextual
040 _aCRL
_cCRL
_beng
041 _2eng
_aeng
082 _aS1-6:7:7, Q7
100 _aWilmshurst Linda Au.
_9617141
245 0 _aAbnormal child adolescent psychology
_b developmental perspective
250 _a2nd
260 _aNew York
_bRoutledge USA
_c2017
300 _axviii,694p.
_ccm.
650 _a ADOLESCENT PSYCHOLOGY
650 _a CHILD PSYCHOLOGY
650 _aABNORMAL PSYCHOLOGY
_919040
942 _hS1-6:7:7, Q7
_cTEXL
_2cc
999 _c998661
_d998661